Statistics for NBA Champions

Click here to take the quiz!

General Stats

  • This quiz has been taken 40 times
  • The average score is 65 of 77

Answer Stats

HintAnswer% Correct
2012Heat
93%
2013Heat
93%
2006Heat
93%
2002Lakers
93%
1988Lakers
93%
1987Lakers
93%
1982Lakers
93%
1980Lakers
93%
2009Lakers
93%
2010Lakers
93%
1985Lakers
93%
2000Lakers
93%
1972Lakers
93%
1954Lakers
93%
1953Lakers
93%
1952Lakers
93%
1950Lakers
93%
2020Lakers
93%
1949Lakers
93%
2001Lakers
93%
1975Warriors
93%
1956Warriors
93%
2022Warriors
93%
1947Warriors
93%
2017Warriors
93%
2018Warriors
93%
2015Warriors
93%
1957Celtics
89%
1974Celtics
89%
1976Celtics
89%
1969Celtics
89%
2008Celtics
89%
1981Celtics
89%
1968Celtics
89%
1966Celtics
89%
1984Celtics
89%
1965Celtics
89%
1986Celtics
89%
1964Celtics
89%
1963Celtics
89%
1962Celtics
89%
1961Celtics
89%
1960Celtics
89%
1959Celtics
89%
1991Bulls
86%
1992Bulls
86%
1993Bulls
86%
1996Bulls
86%
1997Bulls
86%
1998Bulls
86%
2011Mavericks
86%
2019Raptors
82%
1995Rockets
82%
1994Rockets
82%
2014Spurs
82%
2007Spurs
82%
2005Spurs
82%
2003Spurs
82%
1999Spurs
82%
1971Bucks
79%
2021Bucks
79%
2016Cavaliers
79%
2004Pistons
79%
1989Pistons
79%
1990Pistons
79%
196776ers
75%
198376ers
75%
1973Knicks
75%
1970Knicks
75%
1978Bullets
71%
1948Bullets
71%
1958Hawks
71%
1951Royals
68%
1979SuperSonics
68%
1977Trail Blazers
68%
1955Nationals
50%
2033Sharks
4%

Score Distribution

Percentile by Number Answered

Percent of People with Each Score

Your Score History

You have not taken this quiz